Responses for show #3709 - Thursday, October 19, 2000

Contestants

Mark Olivier, a licensed acupuncturist from Berkeley, California

Amy Sobota, a medical student from Madison, Wisconsin

Chris Dawson, a legislative consultant from Sacramento, California (whose 1-day cash winnings total $15,799)

Jeopardy! Round responses

AMERICAN EXPERIENCE
(Alex: The PBS series.)
SPORTS SHORTS
INTERNATIONAL CUISINE
SCIENCE & NATURE
FIRST THINGS FIRST
IN 2 WORDS -- FAMILY
    $100 10
[AKA Ehrich Weiss]

Harry Houdini

Mark
    $100 1
Lou Gehrig

Chris
    $100 15
William Bligh

Mark
    $100 4
ink

Mark
    $100 21
trains

Amy
    $100 26
a bar mitzvah

Mark
    $200 11
Colorado River

Chris
    $200 2
Reggie Miller

Mark
    $200 16
England (or Great Britain)

Amy
    $200 5
chromosomes

Amy
    $200 22
the Olympics

Amy
    $200 27
a family tree

Amy
    $300 12
[December 7, 1941]

Pearl Harbor

Mark
    $300 3
(Mark: Who is Frazier?)

George Foreman

AmyMark
    $300 18
nettle

Mark
    $300 6
smelt

Amy
    $300 23
(Mark: What is 3 minutes?)
(Chris: What is 3 hours?)
...
(Alex: Amy, you sure do know your Russian space history!)

3 days (Valentina Tereshkova)

ChrisAmyMark
    $300 28
her maiden name

Chris
    $400 13
South Pole

Mark
    $400 8
(Chris: What is the U.S. Open?)

French Open

ChrisMark
    $400 19
Hassenpfeffer

Chris
    $400 7
(Mark: What are lemons and limes?)

oranges & lemons

ChrisMark
    $400 24
(Amy: What is Japan?)

China

ChrisAmy
    $400 29
child support

Mark
    $500 14
William McKinley

Triple Stumper
    $500 9
Brett Hull

Chris
    $500 20
(Mark: What are kippers?)

Finnan haddie

Mark
Triple Stumper
    $1,000 17
deciduous

Amy
    $500 25
The Mills Brothers

Mark
    $500 30
(Amy: What is a home?)
(Alex: Has to be two words.)

a foster home

Amy
Triple Stumper

Scores at the first commercial break (after clue 15):

Chris Amy Mark
$800 $800 $900

Scores at the end of the Jeopardy! Round:

Chris Amy Mark
$1,600 $1,900 $1,400

Double Jeopardy! Round responses

19th CENTURY LIT
WHO WAS THE U.S. VEEP?
(Alex: The vice president.)
THE NATIONAL FILM REGISTRY
AMERICA
THE BEAUTIFUL
LAND OF THE "FREE"
    $200 13
Fiddler on the Roof

Chris
    $200 1
Dan Quayle

Chris
    $200 22
Pinocchio

Chris
    $200 11
(Amy: What is Augusta?)
(Chris: What is Atlanta?)

Albany, New York

ChrisAmyMark
    $200 17
Marilyn Monroe

Chris
    $200 6
a free lunch

Amy
    $400 27
Victor Hugo

Amy
    $400 2
Richard Nixon

Mark
    $400 23
Martin Scorsese

Chris
    $400 12
Hawaii

Amy
    $400 18
Ricky Martin

Chris
    $400 7
free verse

Amy
    $600 28
dark and stormy

Mark
    $600 3
(Alex: Harry Truman had just become president and he hadn't appointed a vice president yet.)

no one

Chris
    $600 24
Bonnie and Clyde

Mark
    $600 14
(Chris: What is California?)

Alaska

ChrisMark
    $600 19
Katharine Hepburn

Chris
    $600 8
free-for-all

Amy
    $800 29
John Keats

Triple Stumper
    $600 4
(Alex: 1980, and the U.S. boycotted over the war in Afghanistan.)

Walter Mondale

Chris
    $800 25
(Alex: With about a minute to go.)

Do the Right Thing

Triple Stumper
    $800 15
North Dakota

Chris
    $800 20
Brad Pitt

Triple Stumper
    $800 9
free rein

Chris
    $2,001 30
(Mark: Who is Dumas?)

Emile Zola (J'Accuse)

Mark
    $1000 5
(Mark: Who is Johnson?)

John C. Breckinridge

Mark
Triple Stumper
    $1000 26
The Sweet Smell of Success

Chris
    $1000 16
North Carolina

Mark
    $1000 21
Audrey Hepburn

Triple Stumper
    $1000 10
free weights

Mark

Scores at the end of the Double Jeopardy! Round:

Chris Amy Mark
$6,800 $3,700 $2,799

[wagering suggestions for these scores]

Final Jeopardy! Round responses

INVENTORS
MarkWho is Marconi
$2,500
AmyWho is Morse?
$3,100
ChrisWho was Marconi?
$601
Guglielmo Marconi

Final scores:

Chris Amy Mark
$7,401 $600 $5,299
2-day champion: $23,200 3rd place: Zenith 36" color TV 2nd place: a trip to Club Med, Mexico

Game dynamics:

Coryat scores:

Chris Amy Mark
$7,000 $3,200 $4,800
19 R
(including 1 DD),
4 W
14 R
(including 1 DD),
3 W
18 R,
6 W
(including 1 DD)

Combined Coryat: $15,000

The J! Archive is created by fans, for fans. The Jeopardy! game show and all elements thereof, including but not limited to copyright and trademark thereto, are the property of Jeopardy Productions, Inc. and are protected under law. This website is not affiliated with, sponsored by, or operated by Jeopardy Productions, Inc. Join the discussion at JBoard.tv.